[Event "Mitropa Cup 13th"]
[Site "Leibnitz"]
[Date "1990.??.??"]
[Round "5"]
[White "Zueger, Beat"]
[Black "Hertneck, Gerald"]
[Result "1/2-1/2"]
[WhiteElo "2425"]
[BlackElo "2520"]
[Annotator "Hertneck"]
[PlyCount "64"]
[EventDate "1990.09.??"]
[EventType "team-tourn"]
[EventRounds "7"]
[EventCountry "AUT"]
[Source "ChessBase"]
[SourceDate "1991.02.01"]

1. d4 {Hertneck} d5 2. c4 c6 3. Nf3 Nf6 4. Nc3 dxc4 5. a4 Bf5 6. Ne5 e6 7. f3
Bb4 8. e4 Bxe4 9. fxe4 Nxe4 10. Bd2 Qxd4 11. Nxe4 Qxe4+ 12. Qe2 Bxd2+ 13. Kxd2
Qd5+ 14. Kc2 Na6 15. Nxc4 Ke7 {N /\ K _|_ [+]} 16. Qe5 Rhd8 17. Be2 Nb4+ {17...
f6 is interesting but unclear after 18.Qg3 or 18.Qe3} 18. Kb3 Qxe5 19. Nxe5 Rd2
20. Bf3 Nd5 (20... Nc2 $2 21. Kc3 $1 Rad8 22. Rad1 Rxd1 23. Rxd1 Rxd1 24. Bxd1
Ne3 25. Bf3 {+/=/+/- >< c5}) 21. Rad1 Rxd1 22. Rxd1 Rc8 {/\ 23.Bxd5 cxd5 <->c}
23. h4 Rc7 24. g4 h6 25. Rg1 Rc8 26. Rf1 f6 27. Ng6+ Kd6 28. Rd1 Rc7 29. h5 Rc8
30. Nf4 Rc7 31. Ng6 Rc8 32. Nf4 Rc7 {White should have tried 33.Ka3 Rc8 34.b4
a6 +/= but instead offered draw} 1/2-1/2

[Event "Mitropa Cup 13th"]
[Site "Leibnitz"]
[Date "1990.??.??"]
[Round "6"]
[White "Belotti, Bruno"]
[Black "Reeh, Oliver"]
[Result "1/2-1/2"]
[WhiteElo "2435"]
[BlackElo "2465"]
[Annotator "King,D"]
[PlyCount "83"]
[EventDate "1990.09.??"]
[EventType "team-tourn"]
[EventRounds "7"]
[EventCountry "AUT"]
[Source "ChessBase"]
[SourceDate "1991.02.01"]

1. e4 d6 2. d4 g6 3. Nc3 Bg7 4. Bg5 $5 c5 5. d5 (5. dxc5 $1 Qa5 6. Qd2 Qxc5 7.
Nd5 Be6 8. c4 Nd7 9. Rc1 Ngf6 10. f3 $16 {Keres-Westerinen, Tallinn 1973.})
5... Nd7 6. Nf3 Ngf6 7. Be2 O-O 8. O-O a6 9. a4 b6 10. h3 Rb8 11. Re1 Ne8 12.
Qd2 Nc7 13. Bh6 Nf6 14. Rad1 Bb7 15. Bc4 b5 16. axb5 axb5 17. Nxb5 Nxb5 18.
Bxb5 Bxd5 19. exd5 Rxb5 20. b3 Rb4 21. Bxg7 Kxg7 22. Re3 Re8 23. Rde1 Qd7 24.
c4 Rb7 25. Qb2 Kg8 26. Nd2 h5 27. Rf3 Rbb8 28. Kh2 Qb7 29. Qc1 Kg7 30. Qb2 Kg8
31. Qc1 Kg7 32. Ne4 Nxe4 33. Rxe4 Rf8 34. Rfe3 Rbe8 35. Qe1 Kg8 36. f4 e5 37.
dxe6 f5 38. e7 fxe4 39. exf8=Q+ Kxf8 40. Qd1 Qe7 41. Qd5 Kg7 42. Kg3 1/2-1/2

[Event "Mitropa Cup 13th"]
[Site "Leibnitz"]
[Date "1990.??.??"]
[Round "6"]
[White "Berend, Fred"]
[Black "Zueger, Beat"]
[Result "1/2-1/2"]
[WhiteElo "2225"]
[BlackElo "2425"]
[Annotator "Knaak,R"]
[PlyCount "85"]
[EventDate "1990.09.??"]
[EventType "team-tourn"]
[EventRounds "7"]
[EventCountry "AUT"]
[Source "ChessBase"]
[SourceDate "1991.02.01"]

1. e4 e6 2. d4 d5 3. Nd2 Nf6 4. e5 Nfd7 5. Bd3 c5 6. c3 Nc6 7. Ne2 cxd4 8. cxd4
f6 9. exf6 Nxf6 10. Nf3 Bd6 11. O-O O-O 12. Bg5 Bd7 13. Bh4 {>= 13.Rc1} Be8 14.
Ng5 Qd7 15. Bg3 h6 (15... Bh5 $1 16. f3 e5 17. dxe5 Nxe5 18. Nf4 Nxd3 19. Qxd3
Bxf4 20. Bxf4 Bg6 $15 {Brenjo-Stamenkovic/JUG-chT/1989}) 16. Nf3 Bh5 17. Ne5
Qc7 18. Rc1 Bxe5 19. Bxe5 Qb6 20. Qd2 Bxe2 21. Qxe2 Rad8 22. Rfd1 Nxe5 23. dxe5
Ne4 24. Rf1 Nc5 25. Bb1 Ne4 26. Bxe4 dxe4 27. Rc3 Rd3 28. Rc4 Rd4 29. Rfc1 Qb5
30. b3 Qxe5 31. g3 Qd6 32. Rxd4 Qxd4 33. Rc4 Qa1+ 34. Kg2 e3 35. Qxe3 Qxa2 36.
Qxe6+ Kh8 37. Qe3 Qa5 38. Rc5 Qb6 39. Qe7 Qf6 40. Qe3 Qd6 41. h4 b6 42. Re5
Qc6+ 43. Qe4 1/2-1/2

[Event "Mitropa Cup 13th"]
[Site "Leibnitz"]
[Date "1990.??.??"]
[Round "6"]
[White "Cvetkovic, Srdjan"]
[Black "Horvath, Jozsef"]
[Result "1/2-1/2"]
[WhiteElo "2430"]
[BlackElo "2540"]
[PlyCount "45"]
[EventDate "1990.09.??"]
[EventType "team-tourn"]
[EventRounds "7"]
[EventCountry "AUT"]
[Source "ChessBase"]
[SourceDate "1991.02.01"]

1. c4 c5 2. Nf3 Nf6 3. Nc3 Nc6 4. e3 e6 5. Be2 d5 6. cxd5 exd5 7. d4 cxd4 8.
Nxd4 Bd6 9. b3 Be5 10. Bb2 Bxd4 11. exd4 O-O 12. O-O Bf5 13. Rc1 Rc8 14. Qd2
Ne4 15. Nxe4 Bxe4 16. Rc5 Re8 17. Rfc1 Qd6 18. Ba3 Qe6 19. f3 Bg6 20. Bb5 a6
21. Bxc6 Rxc6 22. Rxc6 bxc6 23. Bb4 1/2-1/2

[Event "Mitropa Cup 13th"]
[Site "Leibnitz"]
[Date "1990.??.??"]
[Round "6"]
[White "Groszpeter, Attila"]
[Black "Pavlovic, Milos"]
[Result "1-0"]
[WhiteElo "2555"]
[BlackElo "2465"]
[PlyCount "59"]
[EventDate "1990.09.??"]
[EventType "team-tourn"]
[EventRounds "7"]
[EventCountry "AUT"]
[Source "ChessBase"]
[SourceDate "1991.02.01"]

1. d4 Nf6 2. c4 g6 3. Nc3 Bg7 4. e4 d6 5. Be2 O-O 6. Nf3 e5 7. Be3 Ng4 8. Bg5
f6 9. Bc1 Nd7 10. h3 Nh6 11. h4 c6 12. d5 Nc5 13. b4 Na6 14. Rb1 cxd5 15. Nxd5
Nc7 16. Bxh6 Bxh6 17. h5 Kg7 18. Nh4 Bg5 19. Rb3 Nxd5 20. Qxd5 Qe7 21. hxg6
hxg6 22. Nf5+ Bxf5 23. exf5 gxf5 24. c5 dxc5 25. bxc5 b6 26. Rbh3 Rh8 27. Qxa8
Bd2+ 28. Kxd2 Rd8+ 29. Bd3 Qxc5 30. Qxa7+ 1-0

[Event "Mitropa Cup 13th"]
[Site "Leibnitz"]
[Date "1990.??.??"]
[Round "6"]
[White "Hertneck, Gerald"]
[Black "Arlandi, Ennio"]
[Result "1-0"]
[WhiteElo "2520"]
[BlackElo "2400"]
[Annotator "Ribli"]
[PlyCount "47"]
[EventDate "1990.09.??"]
[EventType "team-tourn"]
[EventRounds "7"]
[EventCountry "AUT"]
[Source "ChessBase"]
[SourceDate "1991.02.01"]

1. c4 e6 2. Nf3 d5 3. b3 Nf6 4. g3 Be7 5. Bg2 O-O 6. O-O b6 7. Bb2 Bb7 8. cxd5
Nxd5 9. d4 {-> E 17} Nd7 (9... c5 10. dxc5 Bxc5 11. Nbd2 Na6 12. a3 Be7 13. b4
{Spraggett,K-Magem Badels,J  Terrasse 1990  CBM/19}) 10. Re1 (10. Nbd2 c5 11.
a3 cxd4 12. Nxd4 Rc8 {Panque,P-Garcia,G  Cali zt 1990}) 10... c5 11. e4 N5f6
12. Nc3 a6 (12... cxd4 13. Nxd4 {/\ e5}) 13. d5 exd5 14. e5 $1 Ne8 15. Nxd5 Nc7
16. Nxe7+ Qxe7 17. Qd6 Nd5 (17... Qxd6 18. exd6 Ne6 19. Ne5 Bxg2 20. Nxd7 Rfd8
21. Nxb6 $16) 18. Nh4 Rab8 19. Bxd5 Qxd6 20. exd6 Bxd5 21. Nf5 $1 Be6 22. Nxg7
Bg4 23. Re7 Rbd8 24. f3 1-0

[Event "Mitropa Cup 13th"]
[Site "Leibnitz"]
[Date "1990.??.??"]
[Round "6"]
[White "Landenbergue, Claude"]
[Black "Hoffmann, Regis"]
[Result "1-0"]
[WhiteElo "2380"]
[BlackElo "2205"]
[PlyCount "55"]
[EventDate "1990.09.??"]
[EventType "team-tourn"]
[EventRounds "7"]
[EventCountry "AUT"]
[Source "ChessBase"]
[SourceDate "1991.02.01"]

1. Nf3 d5 2. g3 Nf6 3. Bg2 c6 4. O-O Bf5 5. c4 e6 6. cxd5 exd5 7. d3 Be7 8. Be3
Nbd7 9. Qb3 Qc7 10. Nc3 O-O 11. Rac1 Qb8 12. Bf4 Nc5 13. Qc2 Qd8 14. Nd4 Bg6
15. Bh3 Re8 16. b4 Ncd7 17. b5 c5 18. Nc6 Qb6 19. Bxd7 bxc6 20. Bxc6 d4 21. Na4
Qd8 22. Nxc5 Bxc5 23. Qxc5 Rxe2 24. Rfe1 Rxe1+ 25. Rxe1 Rc8 26. Qxa7 Bxd3 27.
Rd1 Be2 28. Rxd4 1-0

[Event "Mitropa Cup 13th"]
[Site "Leibnitz"]
[Date "1990.??.??"]
[Round "6"]
[White "Lanzani, Mario"]
[Black "Lutz, Christopher"]
[Result "1/2-1/2"]
[WhiteElo "2345"]
[BlackElo "2445"]
[PlyCount "105"]
[EventDate "1990.09.??"]
[EventType "team-tourn"]
[EventRounds "7"]
[EventCountry "AUT"]
[Source "ChessBase"]
[SourceDate "1991.02.01"]

1. e4 c5 2. Nf3 d6 3. d4 cxd4 4. Nxd4 Nf6 5. Nc3 a6 6. Bg5 Nc6 7. Qd2 e6 8.
O-O-O Bd7 9. f4 b5 10. Bxf6 gxf6 11. Nxc6 Bxc6 12. Qe1 Be7 13. Bd3 Qb6 14. Kb1
Qc5 15. f5 O-O-O 16. fxe6 fxe6 17. Nd5 Bf8 18. b4 Qa7 19. Qc3 Qb7 20. Qxf6 exd5
21. exd5 Bg7 22. dxc6 Bxf6 23. cxb7+ Kxb7 24. Rhf1 Rdf8 25. Rf5 Bc3 26. Rxf8
Rxf8 27. Bxh7 Bxb4 28. Be4+ Kc7 29. Bf3 Rh8 30. h3 Bc3 31. Rd3 b4 32. a3 a5 33.
Ka2 Bf6 34. axb4 axb4 35. Kb3 Bc3 36. Rd5 Kd7 37. Rf5 Ke6 38. Rg5 Kf6 39. Rd5
Ke6 40. Kc4 Rc8+ 41. Kd3 Rc5 42. Rxc5 dxc5 43. Ke4 Kf6 44. Be2 Kg5 45. g3 Be1
46. h4+ Kf6 47. Kf4 Bf2 48. Bd3 Be1 49. Kg4 Bf2 50. Kh3 Ke5 51. g4 Kf4 52. g5
Be1 53. g6 1/2-1/2

[Event "Mitropa Cup 13th"]
[Site "Leibnitz"]
[Date "1990.??.??"]
[Round "6"]
[White "Menghi, Carlo"]
[Black "Costa, Jean Luc"]
[Result "0-1"]
[WhiteElo "2275"]
[BlackElo "2405"]
[PlyCount "68"]
[EventDate "1990.09.??"]
[EventType "team-tourn"]
[EventRounds "7"]
[EventCountry "AUT"]
[Source "ChessBase"]
[SourceDate "1991.02.01"]

1. d4 Nf6 2. c4 e6 3. g3 d5 4. Nf3 a6 5. cxd5 exd5 6. Bg2 c6 7. Qc2 Nbd7 8. Bf4
Be7 9. O-O O-O 10. Ne5 Re8 11. Nd2 Nf8 12. Nb3 Ne6 13. Bd2 a5 14. a4 Bd6 15.
Nd3 Qb6 16. Bc3 Ng5 17. Ndc5 Qc7 18. Kh1 Nge4 19. Nxe4 Nxe4 20. f3 Nxc3 21.
bxc3 Re3 22. Qd2 Qe7 23. Rfe1 h5 24. f4 Bg4 25. Bf3 Re8 26. Bxg4 hxg4 27. Ra2
Qe4+ 28. Kg1 g5 29. Qc2 Qe6 30. f5 Qh6 31. Rf1 Qh3 32. Rf2 Bxg3 33. Rg2 Bxh2+
34. Kf1 Rf3+ 0-1

[Event "Mitropa Cup 13th"]
[Site "Leibnitz"]
[Date "1990.??.??"]
[Round "6"]
[White "Miljanic, Boro"]
[Black "Palkovi, Jozsef"]
[Result "1/2-1/2"]
[WhiteElo "2380"]
[BlackElo "2460"]
[PlyCount "33"]
[EventDate "1990.09.??"]
[EventType "team-tourn"]
[EventRounds "7"]
[EventCountry "AUT"]
[Source "ChessBase"]
[SourceDate "1991.02.01"]

1. e4 c5 2. Nf3 d6 3. d4 cxd4 4. Qxd4 a6 5. Bg5 Nc6 6. Qd2 g6 7. Be2 Bg7 8. Nc3
Nf6 9. O-O-O Qa5 10. Kb1 Be6 11. Nd5 Qxd2 12. Nxf6+ Bxf6 13. Bxd2 Bg7 14. c3 b5
15. Nd4 Bd7 16. Nxc6 Bxc6 17. f3 1/2-1/2

[Event "Mitropa Cup 13th"]
[Site "Leibnitz"]
[Date "1990.??.??"]
[Round "6"]
[White "Schlosser, Philipp"]
[Black "Bellia, Fabrizio"]
[Result "1-0"]
[WhiteElo "2455"]
[BlackElo "2295"]
[Annotator "Ribli"]
[PlyCount "55"]
[EventDate "1990.09.??"]
[EventType "team-tourn"]
[EventRounds "7"]
[EventCountry "AUT"]
[Source "ChessBase"]
[SourceDate "1991.02.01"]

1. c4 Nf6 2. g3 g6 3. Bg2 Bg7 4. Nc3 O-O 5. e4 d6 6. Nge2 c5 7. O-O Nc6 8. d3
Nd4 (8... Rb8 9. h3 a6 10. a4 Ne8 11. Be3 Nd4 {Fauland,A-Tolnai,T  Budapest
Noviki-A 1990  CBM/19}) 9. Rb1 e5 10. h3 a6 11. f4 Rb8 12. f5 $5 gxf5 13. Bg5
$1 h6 14. Bh4 Qe8 15. Bxf6 Bxf6 16. Nd5 Bd8 17. Nxd4 cxd4 18. exf5 f6 19. Qd2
Kh7 20. Rbe1 Qa4 21. Re4 Rg8 22. Rh4 Rg5 23. Rxh6+ $1 Kxh6 24. h4 Qe8 25. hxg5+
fxg5 26. Be4 Qf7 27. f6 Bh3 28. Rf2 1-0

[Event "Mitropa Cup 13th"]
[Site "Leibnitz"]
[Date "1990.??.??"]
[Round "6"]
[White "Tolnai, Tibor"]
[Black "Jovicic, Milos"]
[Result "1-0"]
[WhiteElo "2480"]
[BlackElo "2325"]
[PlyCount "85"]
[EventDate "1990.09.??"]
[EventType "team-tourn"]
[EventRounds "7"]
[EventCountry "AUT"]
[Source "ChessBase"]
[SourceDate "1991.02.01"]

1. e4 c5 2. Nf3 d6 3. d4 cxd4 4. Nxd4 Nf6 5. Nc3 g6 6. Be3 Bg7 7. f3 Nc6 8. Qd2
O-O 9. Bc4 Qa5 10. O-O-O Bd7 11. h4 Ne5 12. Bb3 Rfc8 13. Kb1 b5 14. h5 Nc4 15.
Bxc4 bxc4 16. Bh6 Bxh6 17. Qxh6 Rab8 18. Nd5 Nxd5 19. exd5 Qa3 20. Nb3 cxb3 21.
bxa3 bxc2+ 22. Ka1 cxd1=Q+ 23. Rxd1 Bf5 24. g4 Bc2 25. Rc1 Rc5 26. Qd2 Bd3 27.
Rh1 Bc2 28. a4 a5 29. Qe3 Kf8 30. Qh6+ Kg8 31. f4 gxh5 32. gxh5 Kh8 33. Qg5 f6
34. Qg4 Rg8 35. Qd7 Rc4 36. Qxe7 Rxf4 37. Qxd6 Rf2 38. h6 Bd3 39. Qc6 Bf1 40.
Qc1 Bg2 41. Rg1 Bxd5 42. Rxg8+ Bxg8 43. Qg1 1-0

[Event "Mitropa Cup 13th"]
[Site "Leibnitz"]
[Date "1990.??.??"]
[Round "7"]
[White "Arlandi, Ennio"]
[Black "Berend, Fred"]
[Result "1/2-1/2"]
[WhiteElo "2400"]
[BlackElo "2225"]
[PlyCount "147"]
[EventDate "1990.09.??"]
[EventType "team-tourn"]
[EventRounds "7"]
[EventCountry "AUT"]
[Source "ChessBase"]
[SourceDate "1991.02.01"]

1. d4 Nf6 2. c4 g6 3. Nc3 Bg7 4. e4 d6 5. Be2 O-O 6. Nf3 Bg4 7. Be3 Nfd7 8. Rc1
c5 9. d5 Nb6 10. b3 e6 11. O-O exd5 12. cxd5 Qe7 13. h3 Bxf3 14. Bxf3 N8d7 15.
a4 a6 16. Qd2 Rae8 17. Rfe1 Na8 18. Be2 Nc7 19. a5 f5 20. Bg5 Qf7 21. Bd3 Ne5
22. Bb1 f4 23. f3 h6 24. Bh4 Qd7 25. Re2 g5 26. Be1 Rf6 27. Rf2 h5 28. Kf1 Nb5
29. Ne2 Ref8 30. Qd1 g4 31. Ng1 Rg6 32. hxg4 hxg4 33. Bd3 Rh6 34. b4 g3 35.
Bxb5 Qxb5+ 36. Re2 Nc4 37. Qd3 Ne3+ 38. Rxe3 fxe3 39. Qxb5 axb5 40. Bxg3 Bd4
41. Nh3 c4 42. Be1 Rxh3 43. gxh3 Rxf3+ 44. Kg2 Rf4 45. Bg3 Rxe4 46. Kf3 Re8 47.
Bxd6 Rd8 48. Ke4 Ba7 49. Bc5 Re8+ 50. Kd4 Bb8 51. d6 e2 52. Re1 Kf7 53. Kc3 Re4
54. d7 Be5+ 55. Kd2 Bf4+ 56. Kc2 Bc7 57. Kd2 Bf4+ 58. Kc2 Bc7 59. Kd2 Ke6 60.
Rxe2 Rxe2+ 61. Kxe2 Bd8 62. Ke3 Kxd7 63. Bd4 Ke6 64. Ke4 Bf6 65. Bf2 Bc3 66.
Bc5 Be1 67. Bf8 Bh4 68. Bh6 Bf6 69. Be3 Bd8 70. Bd4 Bh4 71. Bc3 Bg3 72. Bd2 Bf2
73. Bc3 Bh4 74. Bd2 1/2-1/2

[Event "Mitropa Cup 13th"]
[Site "Leibnitz"]
[Date "1990.??.??"]
[Round "7"]
[White "Belotti, Bruno"]
[Black "Menghi, Carlo"]
[Result "1-0"]
[WhiteElo "2435"]
[BlackElo "2275"]
[Annotator "King,D"]
[PlyCount "107"]
[EventDate "1990.09.??"]
[EventType "team-tourn"]
[EventRounds "7"]
[EventCountry "AUT"]
[Source "ChessBase"]
[SourceDate "1991.02.01"]

1. e4 c6 2. d4 d5 3. Nc3 dxe4 4. Nxe4 Bf5 5. Ng3 Bg6 6. Nf3 Nd7 7. h4 h6 8. h5
Bh7 9. Bd3 Bxd3 10. Qxd3 Qc7 11. Bd2 Ngf6 12. O-O-O e6 13. Ne4 O-O-O 14. g3
Nxe4 (14... Nc5) 15. Qxe4 Nf6 16. Qe2 c5 {16...c5?!;  16...Bd6 /\ Rhe8,
Timman-Portisch, Candidates 1989.} 17. Bf4 Bd6 18. Bxd6 Rxd6 19. dxc5 Rxd1+ 20.
Rxd1 Nxh5 21. Ne5 $16 Nf6 22. c6 bxc6 23. Qa6+ Qb7 24. Qxb7+ Kxb7 25. Nxf7 Rg8
26. Nd8+ Kb6 27. Nxe6 Ne4 28. Rd4 Nc5 29. Nxc5 Kxc5 30. Rd7 a5 31. Rf7 g5 32.
Rf6 Rh8 33. Kd2 Kb6 34. Rg6 Rf8 35. Ke2 Re8+ 36. Kf3 Rf8+ 37. Ke2 Re8+ 38. Kf3
Rf8+ 39. Kg2 Rd8 40. Rxh6 Rd2 41. Rg6 Rxc2 42. Rxg5 Rxb2 43. Re5 Rxa2 44. g4
Rd2 45. g5 a4 46. Re1 a3 47. Kg3 a2 48. f4 Rb2 49. Ra1 c5 50. g6 c4 51. g7 Rb3+
52. Kg4 Rb1 53. g8=Q Rxa1 54. Qe6+ 1-0

[Event "Mitropa Cup 13th"]
[Site "Leibnitz"]
[Date "1990.??.??"]
[Round "7"]
[White "Costa, Jean Luc"]
[Black "Tolnai, Tibor"]
[Result "1-0"]
[WhiteElo "2405"]
[BlackElo "2480"]
[PlyCount "73"]
[EventDate "1990.09.??"]
[EventType "team-tourn"]
[EventRounds "7"]
[EventCountry "AUT"]
[Source "ChessBase"]
[SourceDate "1991.02.01"]

1. d4 Nf6 2. c4 e6 3. Nc3 Bb4 4. Bd2 O-O 5. Qc2 d5 6. Nf3 b6 7. cxd5 exd5 8.
Bg5 h6 9. Bxf6 Qxf6 10. e3 c5 11. Be2 Bf5 12. Qa4 Bd7 13. Qb3 Nc6 14. Qxd5 Rad8
15. O-O cxd4 16. exd4 Bg4 17. Qc4 Bxf3 18. Bxf3 Nxd4 19. Qxb4 Nxf3+ 20. gxf3
Rd4 21. Qb5 Qxf3 22. Ne2 Rd5 23. Qb3 Rd3 24. Qc2 h5 25. Rad1 Rxd1 26. Qxd1 h4
27. Nc3 Qf4 28. h3 Re8 29. Re1 Qg5+ 30. Kh1 Rd8 31. Qg4 Qf6 32. Ne4 Qxb2 33.
Qxh4 f6 34. Rg1 Rf8 35. Qg3 f5 36. Ng5 f4 37. Qd3 1-0

[Event "Mitropa Cup 13th"]
[Site "Leibnitz"]
[Date "1990.??.??"]
[Round "7"]
[White "Herndl, Harald"]
[Black "Schlosser, Philipp"]
[Result "0-1"]
[WhiteElo "2285"]
[BlackElo "2455"]
[PlyCount "132"]
[EventDate "1990.09.??"]
[EventType "team-tourn"]
[EventRounds "7"]
[EventCountry "AUT"]
[Source "ChessBase"]
[SourceDate "1991.02.01"]

1. e4 c5 2. Ne2 e6 3. d4 cxd4 4. Nxd4 a6 5. Nc3 d6 6. Be2 b5 7. O-O Bb7 8. Bh5
g6 9. Bf3 Nd7 10. Re1 Ne5 11. Be2 b4 12. Na4 Bxe4 13. f4 Nd7 14. Bf3 Bxf3 15.
Qxf3 Ngf6 16. Rxe6+ fxe6 17. Nxe6 Qc8 18. Qxa8 Qxa8 19. Nc7+ Kf7 20. Nxa8 Nd5
21. c4 bxc3 22. Nxc3 N7f6 23. g4 Bg7 24. g5 Nxc3 25. gxf6 Bxf6 26. bxc3 Bxc3
27. Rb1 Rxa8 28. Rb7+ Ke6 29. Rxh7 Bd4+ 30. Kf1 Rc8 31. Bd2 Rc2 32. Ke1 Rxa2
33. h4 a5 34. Rh6 Kf7 35. f5 gxf5 36. Rxd6 Bf6 37. Bg5 Be5 38. Rd5 Ke6 39. Rb5
a4 40. h5 a3 41. Rb6+ Kd5 42. Ra6 Rg2 43. Bd2 Bb2 44. Kd1 Ke4 45. Kc2 f4 46.
Ra4+ Ke5 47. Kd3 f3 48. Be3 Rg8 49. h6 Rd8+ 50. Kc2 Rf8 51. Bf2 Kf5 52. Kd3 Kg6
53. Ra6+ Rf6 54. Ra5 Kxh6 55. Ke4 Kg6 56. Ra8 Kh5 57. Ke3 Rf5 58. Ra4 Bc1+ 59.
Kd3 Rf4 60. Ra5+ Kg4 61. Kc2 Bb2 62. Kd3 Kh3 63. Kc2 Kg2 64. Be3 Rg4 65. Ra8
Bd4 66. Ra4 f2 0-1

[Event "Mitropa Cup 13th"]
[Site "Leibnitz"]
[Date "1990.??.??"]
[Round "7"]
[White "Hoffmann, Regis"]
[Black "Sarno, Spartaco"]
[Result "0-1"]
[WhiteElo "2205"]
[BlackElo "2385"]
[Annotator "King,D"]
[PlyCount "96"]
[EventDate "1990.09.??"]
[EventType "team-tourn"]
[EventRounds "7"]
[EventCountry "AUT"]
[Source "ChessBase"]
[SourceDate "1991.02.01"]

1. e4 g6 2. d4 Bg7 3. Bc4 d6 4. Be3 Nf6 5. f3 d5 {What is white doing? He did
well to survive so long.} 6. Bd3 dxe4 7. Bxe4 c5 8. c3 cxd4 9. Bxd4 O-O 10. Bc2
Nc6 11. Bf2 b6 12. Qxd8 Rxd8 13. Ne2 Ba6 14. Nd2 Bh6 15. Rd1 Ne5 16. Bd4 Nd3+
17. Bxd3 Bxd3 18. Nf1 Bc2 19. Ra1 Nd5 20. Kf2 Bd3 21. Ne3 e5 22. Nxd5 exd4 23.
Ne7+ Kf8 24. Nc6 Be3+ 25. Ke1 Re8 26. Nexd4 a5 27. Kd1 Rac8 28. Re1 f5 29. f4
Ba6 30. g3 Bb7 31. Ne5 Bxd4 32. cxd4 Red8 33. Rc1 Rxd4+ 34. Ke2 Ba6+ 35. Ke3
Rcd8 36. Rc2 g5 37. Rec1 Re4+ 38. Kf2 gxf4 39. gxf4 Rxf4+ 40. Kg3 Re4 41. Nc4
Rd3+ 42. Kf2 Bxc4 43. Rxc4 Rd2+ 44. Kg3 Rxc4 45. Rxc4 Rxb2 46. a4 Rb3+ 47. Kg2
Rb4 48. Rc6 h5 0-1

[Event "Mitropa Cup 13th"]
[Site "Leibnitz"]
[Date "1990.??.??"]
[Round "7"]
[White "Horvath, Csaba"]
[Black "Fioramonti, Hung"]
[Result "1-0"]
[WhiteElo "2480"]
[BlackElo "2335"]
[PlyCount "63"]
[EventDate "1990.09.??"]
[EventType "team-tourn"]
[EventRounds "7"]
[EventCountry "AUT"]
[Source "ChessBase"]
[SourceDate "1991.02.01"]

1. d4 Nf6 2. c4 g6 3. Nc3 Bg7 4. e4 d6 5. Be2 O-O 6. Bg5 c5 7. d5 h6 8. Bf4 Re8
9. Nf3 e5 10. Bd2 Nbd7 11. Qc1 Kh7 12. Qc2 a6 13. h3 Rf8 14. g4 Ng8 15. h4 Ndf6
16. Nh2 Kh8 17. O-O-O Nh7 18. g5 Rb8 19. Rdg1 h5 20. Nf1 f5 21. exf5 Bxf5 22.
Bd3 Ne7 23. Ng3 Bxd3 24. Qxd3 Rxf2 25. Rf1 Rxf1+ 26. Rxf1 Qd7 27. Rf7 Nf8 28.
Nce4 Kg8 29. Qf3 Nh7 30. Nxh5 gxh5 31. g6 Rd8 32. Rxg7+ 1-0

[Event "Mitropa Cup 13th"]
[Site "Leibnitz"]
[Date "1990.??.??"]
[Round "7"]
[White "Horvath, Jozsef"]
[Black "Landenbergue, Claude"]
[Result "1-0"]
[WhiteElo "2540"]
[BlackElo "2380"]
[PlyCount "79"]
[EventDate "1990.09.??"]
[EventType "team-tourn"]
[EventRounds "7"]
[EventCountry "AUT"]
[Source "ChessBase"]
[SourceDate "1991.02.01"]

1. d4 e6 2. c4 Nf6 3. Nf3 d5 4. g3 Bb4+ 5. Bd2 a5 6. Qc2 Nc6 7. Bg2 dxc4 8.
Qxc4 Qd5 9. Qxd5 exd5 10. Nc3 a4 11. O-O Bf5 12. Rfd1 O-O 13. Be1 Rfe8 14. e3
Bxc3 15. Bxc3 Be4 16. Rac1 Ne7 17. Kf1 c6 18. Ke2 h6 19. Bb4 h5 20. Bh3 Ng4 21.
Ng5 Bf5 22. Bg2 Ng6 23. h3 Nf6 24. h4 Ne4 25. Nh3 Bd7 26. Ng1 Ne7 27. Rd3 c5
28. dxc5 Bb5 29. Be1 Rec8 30. Bf1 Rxc5 31. Rb1 a3 32. Kd1 axb2 33. Rxb2 Rac8
34. Rb1 Ba6 35. Nf3 Nf5 36. Be2 Rc2 37. Nd2 Rxa2 38. Nxe4 Rxe2 39. Rxd5 Rxe3
40. Nc5 1-0

[Event "Mitropa Cup 13th"]
[Site "Leibnitz"]
[Date "1990.??.??"]
[Round "7"]
[White "Lutz, Christopher"]
[Black "Weinzettl, Ernst"]
[Result "1-0"]
[WhiteElo "2445"]
[BlackElo "2295"]
[PlyCount "69"]
[EventDate "1990.09.??"]
[EventType "team-tourn"]
[EventRounds "7"]
[EventCountry "AUT"]
[Source "ChessBase"]
[SourceDate "1991.02.01"]

1. d4 e6 2. c4 f5 3. g3 Nf6 4. Bg2 Be7 5. Nf3 d6 6. O-O O-O 7. b3 a5 8. Nc3 Qe8
9. Bb2 Na6 10. Qc2 Qg6 11. Rae1 Bd7 12. a3 c6 13. Na4 Be8 14. c5 Qh5 15. cxd6
Bxd6 16. Nb6 Rd8 17. Nc4 Bc7 18. e3 g5 19. Bc3 Rd7 20. Nfe5 Ng4 21. h3 Nxe5 22.
Nxe5 Rg7 23. Qd1 g4 24. h4 Bd8 25. Nd3 Bxh4 26. Nf4 Qh6 27. gxh4 Qxh4 28. d5 e5
29. Bxe5 g3 30. fxg3 Rxg3 31. Ne6 Rxg2+ 32. Kxg2 Bh5 33. Rf4 Qxf4 34. exf4 Bxd1
35. Nxf8 1-0

[Event "Mitropa Cup 13th"]
[Site "Leibnitz"]
[Date "1990.??.??"]
[Round "7"]
[White "Reeh, Oliver"]
[Black "Schlosser, Michael"]
[Result "1/2-1/2"]
[WhiteElo "2465"]
[BlackElo "2360"]
[Annotator "King,D"]
[PlyCount "60"]
[EventDate "1990.09.??"]
[EventType "team-tourn"]
[EventRounds "7"]
[EventCountry "AUT"]
[Source "ChessBase"]
[SourceDate "1991.02.01"]

1. e4 d6 2. d4 Nf6 3. Nc3 g6 4. f4 Bg7 5. Nf3 O-O 6. Bd3 Na6 7. O-O c5 8. d5
Rb8 9. a4 Nc7 (9... Nb4) 10. Qe1 a6 11. a5 e6 12. dxe6 Nxe6 13. Kh1 Nd4 14.
Nxd4 cxd4 15. Nd5 Nxd5 16. exd5 Re8 17. Qf2 Qf6 18. Bd2 Bf5 19. Qf3 Re7 20.
Rae1 Rbe8 21. g3 Bh3 22. Rxe7 Qxe7 23. Rc1 h5 24. Kg1 Qd7 25. Re1 Rxe1+ 26.
Bxe1 Bg4 27. Qf1 Bh3 28. Qe2 Bg4 29. Qf1 Bh3 30. Qe2 Bg4 1/2-1/2

[Event "Mitropa Cup 13th"]
[Site "Leibnitz"]
[Date "1990.??.??"]
[Round "7"]
[White "Wittmann, Walter"]
[Black "Hertneck, Gerald"]
[Result "1/2-1/2"]
[WhiteElo "2410"]
[BlackElo "2520"]
[PlyCount "84"]
[EventDate "1990.09.??"]
[EventType "team-tourn"]
[EventRounds "7"]
[EventCountry "AUT"]
[Source "ChessBase"]
[SourceDate "1991.02.01"]

1. e4 e6 2. d4 d5 3. Nc3 Bb4 4. exd5 exd5 5. Bd3 Nc6 6. Nge2 Nge7 7. O-O Bf5 8.
Ng3 Bg6 9. f4 f5 10. Nce2 O-O 11. c3 Bd6 12. Kh1 Nb8 13. Ng1 Nd7 14. Qc2 Qc8
15. Nf3 Nf6 16. Ne5 Ne4 17. b3 Qe6 18. c4 c6 19. a4 a5 20. c5 Bc7 21. Rb1 Be8
22. Be3 Bd7 23. Be2 Rad8 24. Nxe4 dxe4 25. Bc4 Nd5 26. Nxd7 Rxd7 27. b4 axb4
28. Rxb4 Ba5 29. Rb3 g6 30. Rfb1 Rff7 31. Qb2 Kg7 32. g3 Rfe7 33. Kg1 Rc7 34.
Kf2 Qd7 35. Ke2 Qd8 36. Kf2 h5 37. h4 Kh6 38. Ke2 Nf6 39. Rd1 Rcd7 40. Rb1 Qf8
41. Rd1 Qg7 42. Rb1 Kh7 1/2-1/2